<?xml version="1.0" encoding="UTF-8"?>
<record
    xmlns:xsi="http://www.w3.org/2001/XMLSchema-instance"
    xsi:schemaLocation="http://www.loc.gov/MARC21/slim http://www.loc.gov/standards/marcxml/schema/MARC21slim.xsd"
    xmlns="http://www.loc.gov/MARC21/slim">

  <leader>00406nam a2200157Ia 4500</leader>
  <controlfield tag="008">230718s9999    xx            000 0 und d</controlfield>
  <datafield tag="041" ind1=" " ind2=" ">
    <subfield code="a">eng</subfield>
  </datafield>
  <datafield tag="082" ind1=" " ind2=" ">
    <subfield code="a">620.11</subfield>
    <subfield code="b">KOD</subfield>
  </datafield>
  <datafield tag="100" ind1=" " ind2=" ">
    <subfield code="a">Kodgire V.D.</subfield>
  </datafield>
  <datafield tag="245" ind1=" " ind2=" ">
    <subfield code="a">Material Science And Metallurgy</subfield>
  </datafield>
  <datafield tag="260" ind1=" " ind2=" ">
    <subfield code="c">1993</subfield>
    <subfield code="b">Everest Publishing House</subfield>
  </datafield>
  <datafield tag="300" ind1=" " ind2=" ">
    <subfield code="a">713</subfield>
  </datafield>
  <datafield tag="365" ind1=" " ind2=" ">
    <subfield code="c">Rs.</subfield>
    <subfield code="b">110.00</subfield>
  </datafield>
  <datafield tag="700" ind1=" " ind2=" ">
    <subfield code="a">Kodgire V.D.</subfield>
  </datafield>
  <datafield tag="906" ind1=" " ind2=" ">
    <subfield code="d">B:41913-Feb-1994</subfield>
    <subfield code="c">ALLIED</subfield>
    <subfield code="b">16.5</subfield>
  </datafield>
  <datafield tag="999" ind1=" " ind2=" ">
    <subfield code="c">292023</subfield>
    <subfield code="d">292023</subfield>
  </datafield>
  <datafield tag="952" ind1=" " ind2=" ">
    <subfield code="0">0</subfield>
    <subfield code="1">0</subfield>
    <subfield code="4">0</subfield>
    <subfield code="7">0</subfield>
    <subfield code="a">CCEP</subfield>
    <subfield code="b">CCEP</subfield>
    <subfield code="d">1994-02-22</subfield>
    <subfield code="e">Pradeep Book Distributors</subfield>
    <subfield code="f">ALLIED</subfield>
    <subfield code="g">93.50</subfield>
    <subfield code="i">419</subfield>
    <subfield code="l">4</subfield>
    <subfield code="o">620.11</subfield>
    <subfield code="p">CCEP-BK-3124</subfield>
    <subfield code="r">2025-12-11 12:19:19</subfield>
    <subfield code="s">2025-12-04</subfield>
    <subfield code="t">16.5</subfield>
    <subfield code="v">110.00</subfield>
    <subfield code="w">1994-02-13</subfield>
    <subfield code="y">BK</subfield>
    <subfield code="z">003124</subfield>
  </datafield>
</record>
